[Event "FRM-ch"]
[Site "Ohrid"]
[Date "2017.08.15"]
[Round "3"]
[White "Durhan, Batuhan"]
[Black "Jancev, Valentin"]
[Result "1/2-1/2"]
[WhiteElo "1622"]
[BlackElo "1814"]
[PlyCount "84"]
[EventDate "2017.08.13"]
[EventType "swiss"]
[EventRounds "9"]
[EventCountry "MKD"]
[SourceTitle "CBM 180 Extra"]
[Source "ChessBase"]
[SourceDate "2017.10.06"]
[SourceVersion "1"]
[SourceVersionDate "2017.10.06"]
[SourceQuality "1"]

1. e4 e6 2. d4 d5 3. Nd2 Nf6 4. e5 Nfd7 5. Bd3 c5 6. c3 b6 7. Ne2 Ba6 8. Bxa6 Nxa6 9. Nf3 Nc7 10. 0-0 c4 11. Ng3 g6 12. Re1 b5 13. Bg5 Be7 14. Qd2 Bxg5 15. Nxg5 h6 16. Nf3 Qe7 17. b3 Nb6 18. h3 Kd7 19. Nh2 h5 20. Nf3 h4 21. Nf1 Rag8 22. Ne3 a5 23. Ng4 Ne8 24. Re3 Kc6 25. Nf6 Rf8 26. Qb2 Nxf6 27. exf6 Qxf6 28. Ne5+ Kc7 29. bxc4 Nxc4 30. Qxb5 Nxe5 31. dxe5 Qd8 32. Qc5+ Kd7 33. Qb5+ Ke7 34. Rb1 Qc7 35. Qa4 Rb8 36. Qa3+ Kd7 37. Rd1 Rbc8 38. Qa4+ Ke7 39. Qf4 Rh5 40. Rf3 Ke8 41. Qf6 Qe7 42. Qf4 Kf8 1/2-1/2

[Event "Kyustendil The three beeches op A 2nd"]
[Site "Kyustendil"]
[Date "2016.07.08"]
[Round "4.7"]
[White "Durhan, Batuhan"]
[Black "Cimen, Tuna"]
[Result "1/2-1/2"]
[WhiteElo "1216"]
[BlackElo "1439"]
[PlyCount "46"]
[EventDate "2016.07.07"]
[EventType "swiss"]
[EventRounds "7"]
[EventCountry "BUL"]
[SourceTitle "EXT 2024"]
[Source "ChessBase"]
[SourceDate "2023.10.10"]
[SourceVersion "1"]
[SourceVersionDate "2023.10.10"]
[SourceQuality "1"]

1. e4 g6 2. d4 Bg7 3. Nc3 d6 4. f4 a6 5. Nf3 b5 6. Bd3 Bb7 7. e5 dxe5 8. fxe5 e6 9. Be4 c6 10. 0-0 Ne7 11. Be3 Nf5 12. Bxf5 exf5 13. Re1 0-0 14. Qd2 Re8 15. Rad1 Nd7 16. Bh6 Bh8 17. Qf2 f6 18. Qg3 fxe5 19. dxe5 Qe7 20. e6 Nc5 21. Bg5 Bf6 22. Bxf6 Qxf6 23. Qc7 Qe7 1/2-1/2

[Event "Kyustendil The three beeches op A 2nd"]
[Site "Kyustendil"]
[Date "2016.07.07"]
[Round "1.11"]
[White "Jordanov, Mihail"]
[Black "Durhan, Batuhan"]
[Result "1/2-1/2"]
[WhiteElo "1440"]
[BlackElo "1216"]
[PlyCount "121"]
[EventDate "2016.07.07"]
[EventType "swiss"]
[EventRounds "7"]
[EventCountry "BUL"]
[SourceTitle "EXT 2024"]
[Source "ChessBase"]
[SourceDate "2023.10.10"]
[SourceVersion "1"]
[SourceVersionDate "2023.10.10"]
[SourceQuality "1"]

1. e4 e5 2. Nf3 Nc6 3. Nc3 Nf6 4. Bc4 Nxe4 5. Nxe4 d5 6. Bd3 dxe4 7. Bxe4 Bd6 8. 0-0 Be6 9. c3 0-0 10. d4 exd4 11. cxd4 Bg4 12. Qd3 h6 13. Bxc6 bxc6 14. Qe4 Bxf3 15. Qxf3 Qh4 16. g3 Qxd4 17. Qxc6 f5 18. Qc2 f4 19. Rd1 Qf6 20. Qc4+ Kh8 21. Bxf4 Bxf4 22. Qxf4 Qxb2 23. Qd2 Qf6 24. Rac1 Rad8 25. Qe3 Rxd1+ 26. Rxd1 a6 27. Qd4 Qe6 28. Qc5 Rc8 29. Qd5 Qe2 30. Rd2 Qe1+ 31. Kg2 Qb1 32. Qb3 Qxb3 33. axb3 Rb8 34. Ra2 Rb6 35. b4 Kg8 36. Kf3 Kf7 37. Ke3 Ke6 38. Kf3 Kf5 39. Rc2 Rxb4 40. Rxc7 g5 41. Rc6 h5 42. Rxa6 Rb2 43. Ke3 Kg4 44. Rh6 h4 45. gxh4 gxh4 46. Rh8 Rb3+ 47. Ke2 Rh3 48. f3+ Kf4 49. Rf8+ Kg5 50. Rg8+ Kf4 51. Rg4+ Kf5 52. Kf2 Rxh2+ 53. Kg1 Rh3 54. Kg2 Rg3+ 55. Rxg3 hxg3 56. Kxg3 Kg5 57. f4+ Kf5 58. Kf3 Kf6 59. Ke4 Ke6 60. f5+ Kf6 61. Kf4 1/2-1/2